|
|
|
|
| LEADER |
00847nab#a2200337#ar4500 |
| 001 |
000036749 |
| 003 |
SVKKK |
| 005 |
00000000000000.0 |
| 008 |
c xo e sloo |
| FMT |
|
|
|
| 038 |
|
|
|a SVKKK
|
| 040 |
|
|
|a SVKKK
|b slo
|e AACR2
|
| 041 |
0 |
|
|a slo
|
| 044 |
|
|
|a xo
|c SK
|
| 080 |
|
|
|a 796.422.1
|2 1981
|
| 100 |
0 |
|
|a -pb-
|4 com
|
| 245 |
1 |
0 |
|a V maratónkach na Silvestra
|c -pb- , Sapara V.
|
| 300 |
|
|
|b Fotogr. 1
|
| 600 |
1 |
4 |
|a Madár, Pavol,
|d ?,
|x maratónec slov.
|
| 650 |
0 |
4 |
|a atletika ľahká
|x Horovská desiatka, roč. 10.
|x Horovce (MI)
|x víťazi
|x správy
|
| 700 |
1 |
|
|a Sapara, V.
|4 aut
|
| 773 |
0 |
|
|t Oceľ východu
|g Roč. 34, č. 2(1994), s. 2
|
| 957 |
|
|
|a Horovce
|
| 957 |
|
|
|a Košice
|
| 958 |
|
|
|a NP
|
| 958 |
|
|
|a RE
|
| 974 |
|
|
|d 940314
|a Šá
|
| 992 |
|
|
|a RBX
|
| BAS |
|
|
|
| 852 |
|
|
|a SVKKK
|b BIB
|
| 998 |
|
|
|a REG
|